000 00729ntaaa2200241 4500
003 01
005 20251027203158.0
008 0714s1973 ag 01
040 _aAR-BaBN
_bspa
_cAR-BaBN
_eaacr
_dRIC
082 _a230.046 Ul46
100 _aUlloa, Amilcar
_933305
245 _aTeología afroamericana y hermenéutica bíblica
250 _a1 ed.
260 _aBogota :
_bGuasa; Grupo de Teologia Afroamericana,
_c2001
300 _a231 p ;
_c21 cm
500 _aContiene notas y referencias bibliograficas
650 _aTEOLOGIA AFROAMERICANA
_933306
650 _aTEOLOGIA-AMERICA LATINA
650 _aTEOLOGIA DE LA LIBERACION
650 _aHERMENEUTICA BIBLICA
_95618
650 _aTEOLOGIA NEGRA
_93970
942 _cBK
999 _c27253
_d27253